000 01498nam a2200349 c 4500
003 BLK
005 20180422102045.0
008 180408b bul|||||r ||||||| ||bul||
010 _aKNG00061057000
040 _aBLK
041 _aBUL
_cBUL
080 _aЛитература в основното училище. Методика на обучението
_b373.3.016:821
_x
_z373.3.016:821
080 _aЛитература
_b82
_x(072)
_z82(072)
100 1 _aБратоев, Иван
_eпърви автор
_9363900
700 1 _aКотова, Искра
_eред.
_9369422
139 _aЛитература в средното училище
_bЛ 69
245 1 0 _aЛитература в средното училище
_bМетодика за учителя
_cИван Братоев; ред. Искра Котова.
257 _aBGR
260 София
_bНар. просв.
_c1986
_fВраца : печ. В. Александров
300 _a488 с.
_bс табл., 16 л. ил.
_c23 см
380 _a3
500 _aБиблиогр. под линия.
650 4 _aЛитература - методика на преподаването - за средни училища
_9244002
653 _aлитература
653 _aметодика на преподаването
653 _aсредни училища
852 _aЦб 143271
856 4 _qpdf
_u
856 4 _qpdf
_u
942 _cKNG
_n0
_01
944 _aCR
_c13.06.2004
_kНаталия_Медовщикова
944 _aED
_c03.06.2009
_k
999 _c57068
_d57068